Proceso instruido por la 2a. sección del gran jurado con motivo de los acontecimientos ocurridos en la ciudad de Veracruz la noche del 24 al 25 de junio de 1879 /
Na minha lista:
| Autor Corporativo: | |
|---|---|
| Formato: | Livro |
| Idioma: | espanhol |
| Publicado em: |
México :
Suprema Corte de Justicia de la Nación,
2006, c2006
|
| Assuntos: | |
| Tags: |
Sem tags, seja o primeiro a adicionar uma tag!
|
MARC
| LEADER | 00000nam^a2200000^a^4500 | ||
|---|---|---|---|
| 001 | 000193558 | ||
| 005 | 20250624000000.0 | ||
| 009 | 20260310102647.281 | ||
| 025 | |a Donación Suprema Corte de Justicia de la Nación, 1 ejemplar | ||
| 037 | |a Acervo ITESO - Biblioteca | ||
| 041 | |a ESP | ||
| 082 | |a 347. 72012 |b MEX | ||
| 110 | |a México. |b Suprema Corte de Justicia de la Nación | ||
| 245 | 1 | 0 | |a Proceso instruido por la 2a. sección del gran jurado con motivo de los acontecimientos ocurridos en la ciudad de Veracruz la noche del 24 al 25 de junio de 1879 / |c SCJN. |
| 264 | 4 | |a México : |b Suprema Corte de Justicia de la Nación, |c 2006, c2006 | |
| 300 | |a LXVII, 159, 22 P. | ||
| 336 | |a texto |b txt |2 rdacontenido | ||
| 337 | |a sin mediación |b n |2 rdamedio | ||
| 338 | |a volumen |b nc |2 rdasoporte | ||
| 534 | |a Reproducción facsimilar de la edición orginal de 1880, publicada en México por la Imprenta del Comercio, de Dublán y Compañía | ||
| 649 | |a XX | ||
| 650 | |a Políticos Mexicanos | ||
| 650 | |a Ejecuciones (Muerte) - |z Veracruz | ||
| 650 | |a Ejecuciones (Muerte) - |z México | ||
| 650 | |a Homicidio - |z Veracruz | ||
| 650 | |a Homicidio - |z México | ||
| 650 | |a Delitos - |z Veracruz | ||
| 650 | |a Delitos - |z México | ||
| 650 | |a Juicio Político - |z Veracruz - |x Tema Principal | ||
| 650 | |a Juicio Político - |z México | ||
| 650 | |a Política - |z Veracruz - |x Historia - |y Porfirismo, 1876-1911 | ||
| 650 | |a Política - |z Veracruz - |x Historia - |y Siglo XIX | ||
| 650 | |a Política - |z México - |x Historia - |y Porfirismo, 1876-1911 | ||
| 650 | |a Política - |z México - |x Historia - |y Siglo XIX | ||
| 650 | |a Suprema Corte de Justicia de la Nación - |z México | ||
| 650 | |a Competencia (Derecho) - |z México | ||
| 650 | |a Derecho Constitucional - |z México | ||
| 650 | |a Derecho Público - |z México | ||
| 650 | |a Mier y Terán, Luis | ||
| 910 | |a Fondo General | ||
| 920 | |a Impresos - Libros | ||
| 930 | |a Colección General | ||
| 905 | |a 101 | ||
| 901 | |a 0500138458 |b IT1 |c ACC |d DT |i D |u 20250624 | ||
| 902 | |a https://opac.biblio.iteso.mx/vufind/Record/000193558 | ||